书目信息 |
| 题名: |
陈鹤琴教育名著导读
|
|
| 作者: | 刘艳英 , 曲萍 编著 | |
| 分册: | ||
| 出版信息: | 长春 吉林文史出版社 2016 |
|
| 页数: | 158页 | |
| 开本: | 24cm | |
| 丛书名: | 中外教育名著导读书系 | |
| 单 册: | ||
| 中图分类: | G40-092.74 | |
| 科图分类: | ||
| 主题词: | ||
| 电子资源: | ||
| ISBN: | 978-7-5472-1443-5 | |
| 000 | 01111nam 2200277 450 | |
| 001 | 012001002446 | |
| 005 | 20131028172849.0 | |
| 010 | @a978-7-5472-1443-5@dCNY33.00 | |
| 099 | @aCAL 012016113810 | |
| 100 | @a20160917d2016 em y0chiy50 ea | |
| 101 | 0 | @achi |
| 102 | @aCN@b220000 | |
| 105 | @ay z 000yy | |
| 106 | @ar | |
| 200 | 1 | @a陈鹤琴教育名著导读@Achen he qin jiao yu ming zhu dao du@f刘艳英, 曲萍编著 |
| 210 | @a长春@c吉林文史出版社@d2016 | |
| 215 | @a158页@d24cm | |
| 225 | 1 | @a中外教育名著导读书系@Azhong wai jiao yu ming zhu dao du shu xi@f王凌皓主编 |
| 330 | @a历经时光打磨,在岁月长河中闪耀出光彩的名著,不仅只是一本书,更是一种高度。滋养着我们民族历史血液的陈鹤琴经典教育理论,值得年轻人用自己年轻的心去感悟、去升腾。在笔者眼中,陈鹤琴的儿童教育、家庭教育、“活教育”思想足以让年轻人咀嚼一生。 | |
| 410 | 0 | @12001 @a中外教育名著导读书系 |
| 600 | 0 | @a陈鹤琴,@Achen he qin@f1892-1982@x教育思想@x研究 |
| 690 | @aG40-092.74@v5 | |
| 701 | 0 | @a刘艳英@Aliu yan ying@4编著 |
| 701 | 0 | @a曲萍@Aqu ping@4编著 |
| 801 | 2 | @aCN@b江苏凤凰@c20191020 |
| 905 | @b1229056-9@dG40-092.74@e1025@f4 | |
| 陈鹤琴教育名著导读/刘艳英, 曲萍编著.-长春:吉林文史出版社,2016 |
| 158页;24cm.-(中外教育名著导读书系/王凌皓主编) |
| ISBN 978-7-5472-1443-5:CNY33.00 |
| 历经时光打磨,在岁月长河中闪耀出光彩的名著,不仅只是一本书,更是一种高度。滋养着我们民族历史血液的陈鹤琴经典教育理论,值得年轻人用自己年轻的心去感悟、去升腾。在笔者眼中,陈鹤琴的儿童教育、家庭教育、“活教育”思想足以让年轻人咀嚼一生。 |
| ● |
| 相关链接 |
|
|
|
|
正题名:陈鹤琴教育名著导读
索取号:G40-092.74/1025
 
预约/预借
| 序号 | 登录号 | 条形码 | 馆藏地/架位号 | 状态 | 备注 |
| 1 | 1229056 | 212290563 | 第一样本阅览室/ [索取号:G40-092.74/1025] | 在馆 | |
| 2 | 1229057 | 212290572 | 教育系资料室/ [索取号:G40-092.74/1025] | 在馆 | |
| 3 | 1229058 | 212290581 | 教育系资料室/ [索取号:G40-092.74/1025] | 在馆 | |
| 4 | 1229059 | 212290590 | 第四借阅区/ [索取号:G40-092.74/1025] | 在馆 |